000 00433nam a22001577a 4500
005 20251108164347.0
008 250721s1987 xx 000 0 ara d
082 1 4 _a811.009/حسي
100 1 _aعطوان، حسين
245 1 0 _aمقالات في الشعر و نقده /
264 1 _aبيروت :
_bدار الجيل،
_c1987.
300 _a236 ص
650 1 7 _aالشعر العربي
942 _2ddc
_cBK
999 _c10256
_d10256